000
00217nam a22000857a 4500
008
160701b xxu||||| |||| 00| 0 eng d
100
_9
1665
_a
Biswas, S., et al
245
_a
Once Upon a Time
260
_a
New delhi
_b
M/S Arya
999
_c
1383
_d
1383